000 00366nam a2200145Ia 4500
008 221030s9999 xx 000 0 und d
020 _a8131731666
041 _aEnglish
100 _aK. Garg
245 0 _aMobile Computing : Theory & Practice
_cby K. Garg
260 _bPearson Edcuation
_aNew Delhi
_c2013
300 _a218
650 _aBE Computer
942 _cBK
999 _c15298
_d15298